Emmet Thomas Scullion v Bank of Scotland (trading as Colleys) (Record no. 83210)
[ view plain ]
| 000 -LEADER | |
|---|---|
| fixed length control field | 01269cad a22002175a 4500 |
| 001 - CONTROL NUMBER | |
| control field | L153160 |
| 008 - FIXED-LENGTH DATA ELEMENTS--GENERAL INFORMATION | |
| fixed length control field | 110617e20111008xxk 000 0 eng d |
| 035 ## - SYSTEM CONTROL NUMBER | |
| System control number | (Sirsi) u153160 |
| 041 0# - LANGUAGE CODE | |
| Language code of text/sound track or separate title | eng |
| 245 00 - TITLE STATEMENT | |
| Title | Emmet Thomas Scullion v Bank of Scotland (trading as Colleys) |
| Medium | [electronic resource] |
| 260 ## - PUBLICATION, DISTRIBUTION, ETC. | |
| Date of publication, distribution, etc. | 2011 |
| 520 ## - SUMMARY, ETC. | |
| Summary, etc. | [2011] EWCA Civ 693, 17 June 2011. Appeal against claim for breach of duty of care in relation to a valuation report for a property being purchased for buy-to-let purposes as an investment income. Duty of care claim dismissed on grounds that a property being purchased on a buy-to- let basis is a commercial transaction rather than a purchase being purchased for owner occupation as a modest residential property. Independent valuation advice on rental income to have been achieved should have been sought. "Held" Appeal allowed. |
| 590 ## - LOCAL NOTE (RLIN) | |
| Local note | KA |
| 650 24 - SUBJECT ADDED ENTRY--TOPICAL TERM | |
| Topical term or geographic name entry element | EMMET THOMAS SCULLION V BANK OF ENGLAND PLC (TRADING AS COLLEYS) |
| 650 24 - SUBJECT ADDED ENTRY--TOPICAL TERM | |
| Topical term or geographic name entry element | SMITH V BUSH |
| 650 24 - SUBJECT ADDED ENTRY--TOPICAL TERM | |
| Topical term or geographic name entry element | HEDLEY BRYNE V HELLLER |
| 651 #4 - SUBJECT ADDED ENTRY--GEOGRAPHIC NAME | |
| Geographic name | United Kingdom |
| Chronological subdivision | |
| 690 ## - LOCAL SUBJECT ADDED ENTRY--TOPICAL TERM (OCLC, RLIN) | |
| Topical term or geographic name as entry element | MANAGEMENT-BUSINESS MANAGEMENT-PROFESSIONAL PRACTICE-NEGLIGENCE |
| 856 40 - ELECTRONIC LOCATION AND ACCESS | |
| Uniform Resource Identifier | <a href="https://www.bailii.org/ew/cases/EWCA/Civ/2011/693.htmllzView this item free of charge at www.bailii.org">https://www.bailii.org/ew/cases/EWCA/Civ/2011/693.htmllzView this item free of charge at www.bailii.org</a> |
| 942 ## - ADDED ENTRY ELEMENTS (KOHA) | |
| Suppress in OPAC | 0 |
| Withdrawn status | Lost status | Source of classification or shelving scheme | Damaged status | Not for loan | Home library | Current library | Shelving location | Date acquired | Total Checkouts | Full call number | Barcode | Date last seen | Copy number | Price effective from | Koha item type |
|---|---|---|---|---|---|---|---|---|---|---|---|---|---|---|---|
| Dewey Decimal Classification | Virtual | Virtual | Online | 17/06/2011 | ONLINE PUBLICATION | 153160-2001 | 06/08/2019 | 1 | 06/08/2019 | Journal article |